000 00397nam a22001577a 4500
008 170407b xxu||||| |||| 00| p tur d
041 _atur
050 _aPL248.C345
100 _a Cansever, Edip
_9361
245 _aSevda İle Sevgi
_cEdip Cansever
260 _aİstanbul
_bKoza Yayınları
_cMart 1977
300 _a103 sayfa
500 _a
650 0 _9145
_aTürk Edebiyatı
942 _2lcc
_cBK
999 _c595
_d587